O worship the King; (Record no. 51)

MARC details
000 -LEADER
fixed length control field 00643cam a22002411 4500
001 - CONTROL NUMBER
control field 6027699
003 - CONTROL NUMBER IDENTIFIER
control field GBCCL
005 - DATE AND TIME OF LATEST TRANSACTION
control field 20241126110328.0
008 - FIXED-LENGTH DATA ELEMENTS--GENERAL INFORMATION
fixed length control field 761230s1951 xx 000 0 eng
010 ## -
-- 51006898
035 ## - SYSTEM CONTROL NUMBER
System control number (OCoLC)2654576
040 ## - CATALOGING SOURCE
Original cataloging agency DLC
Transcribing agency O
Modifying agency DLC
042 ## -
-- premarc
050 00 -
-- BV198
-- .C83
082 ## - DEWEY DECIMAL CLASSIFICATION NUMBER
Classification number 264
-- 268.73
Item number COO
100 1# - MAIN ENTRY--PERSONAL NAME
Personal name Coon, Zula Evelyn.
9 (RLIN) 6464
245 10 - TITLE STATEMENT
Title O worship the King;
Remainder of title services in song.
260 ## - PUBLICATION, DISTRIBUTION, ETC.
Place of publication, distribution, etc. Nashville,
Name of publisher, distributor, etc. Broadman Press
Date of publication, distribution, etc. [1951]
300 ## - PHYSICAL DESCRIPTION
Extent 237 p.
Dimensions 23 cm.
650 #0 - SUBJECT ADDED ENTRY--TOPICAL TERM
Topical term or geographic name entry element Worship programs.
9 (RLIN) 430
906 ## - LOCAL DATA ELEMENT F, LDF (RLIN)
a 7
b cbc
c oclcrpl
d u
e ncip
f 19
g y-gencatlg
942 ## - ADDED ENTRY ELEMENTS (KOHA)
Source of classification or shelving scheme Dewey Decimal Classification
Koha item type Books
Koha issues (borrowed), all copies 2
Holdings
Withdrawn status Lost status Source of classification or shelving scheme Damaged status Not for loan Home library Current Library Shelving location Date acquired Total checkouts Total renewals Full call number Barcode Date last seen Date last checked out Copy number Price effective from Koha item type
    Dewey Decimal Classification     GRACE BIBLE COLLEGE GRACE BIBLE COLLEGE Ministry & Mission 2016-05-19 3 1 264 COO 007463 2025-05-01 2019-03-20 c.1 2016-05-19 Books
© Grace Bible College Library 2025